Statistics for Political Geography: Portuguese Colonies

Click here to take the quiz!

General Stats

  • This quiz has been taken 27 times
  • The average score is 28 of 35

Answer Stats

Colonial TerritoryPresent-day
Sovereign State
% Correct
Capitania Real (Royal Captaincy) do Rio de Janeiro (1567-1821)BBrazil
100%
Capitania Real (Royal Captaincy) de São Paulo (1720-1821)BBrazil
88%
Estado (State) do Maranhão e Piauí (1772-1775)BBrazil
88%
Capitania (Captaincy) de Pernambuco (1575-1817)BBrazil
88%
Capitania (Captaincy) da Paraíba(1574-1822)BBrazil
88%
Capitania (Captaincy) de Santa Catarina (1738-1821)BBrazil
88%
Estado (State) do Grão-Pará e Rio Negro (1772-1775)BBrazil
88%
Capitania Real (Royal Captaincy) do Espírito Santo (1534-1821)BBrazil
88%
Timor Português (Portuguese Timor) (1702-1942, 1945-1975)EEast Timor
88%
Província Portuguesa de Guiné (Portuguese Guinea) (1588-1974)GGuinea-Bissau
88%
Capitania-Geral (Captaincy-General) de Moçambique, Sofala e Rios de Sena (1752-1836)MMozambique
88%
Ilha (Island) de São Tomé (1493-?)SSão Tomé and Príncipe
88%
Ilha (Island) do Príncipe (1502-?)SSão Tomé and Príncipe
88%
Portuguese West Africa (1575-1951)AAngola
84%
Donatária Nova Lusitânia (1535-1575)BBrazil
84%
Capitania (Captaincy) do Grão-Pará (1534-1821)BBrazil
84%
Vila (Villa) de Saõ Jorge dos Ilhéus (1534-?)BBrazil
84%
Capitania (Captaincy) de São José do Rio Negro (1755-1821)BBrazil
84%
Capitania (Captaincy) de São Vicente (1534-1681)BBrazil
84%
Província de Macao (1897-1976)CChina
84%
Goa (1510-1961)IIndia
84%
Malaca Portuguesa (Portuguese Malacca) (1511-1641)MMalaysia
84%
Mascate (Muscat) (1507-1552)OOman
84%
Capitania (Captaincy) de Itanhaém (1624-1753)BBrazil
80%
Saõ Paulo de Loanda (1575-?)AAngola
76%
Tânger (1471-16??)MMorocco (Tangier)
76%
Saõ Felipe de Benguela (1671-?)AAngola
72%
Costa do Ouro (Portuguese Gold Coast) (1482-1642, 1680-1682)GGhana
72%
Capitania (Captaincy) de Sofala (1505-1752)MMozambique
72%
Ribeira Grande / Cidade Velha (1462-?)CCape Verde
68%
Safi (1488-1541)MMorocco (Asfi)
68%
Província Cisplatina (1815-1828)UUruguay
68%
Manama (1521-1602)BBahrain
64%
Santa Cruz do Cabo de Gué (1505-1541)MMorocco (Agadir)
56%
Comorão / Combrú (1514-1614)IIran (Bandar-e ‘Abbās)
44%

Score Distribution

Percentile by Number Answered

Percent of People with Each Score

Your Score History

You have not taken this quiz